| 000 | 00538nam a2200193Ia 4500 | ||
|---|---|---|---|
| 003 | OSt | ||
| 005 | 20230609111114.0 | ||
| 008 | 210423s2001 xx 000 0 und d | ||
| 040 | _cAL | ||
| 082 |
_a338.9 JACS _223 |
||
| 100 |
_aJACOH (K K);DAK (T M) _9123205 |
||
| 245 | _aSocial development: a compendium | ||
| 260 |
_aUdaipur _bInstitute of social sciences _c2001 |
||
| 365 | _cINR | ||
| 650 |
_aEconomics _9123206 |
||
| 650 |
_aEconomics of Development _9123207 |
||
| 906 | _acompendium ; development: ; Social | ||
| 942 |
_2ddc _cBK |
||
| 999 |
_c174194 _d174194 |
||